[Event "Vienna Advent op"]
[Site "Vienna"]
[Date "2024.12.14"]
[Round "6"]
[White "Unger, Alexander"]
[Black "Leonov, Leonid"]
[Result "0-1"]
[WhiteElo "1975"]
[BlackElo "1950"]
[PlyCount "90"]
[EventDate "2024.12.09"]
[EventType "swiss"]
[EventRounds "7"]
[EventCountry "AUT"]
[SourceTitle "CB04_2025"]
[SourceDate "2025.01.22"]
[SourceVersion "1"]
[SourceVersionDate "2025.01.22"]
[SourceQuality "1"]

1. e4 c5 2. Nf3 d6 3. d4 cxd4 4. Qxd4 a6 5. c4 Nc6 6. Qd3 Nf6 7. Nc3 g6 8. Be2 Bg7 9. h3 0-0 10. 0-0 Be6 11. Be3 Rc8 12. Nd5 Nd7 13. Rab1 h6 14. Qd2 Nc5 15. Qc2 b5 16. cxb5 axb5 17. Bxc5 dxc5 18. Qxc5 Nd4 19. Nxe7+ Kh7 20. Nxc8 Nxe2+ 21. Kh1 Qxc8 22. Qe3 Qc2 23. Rbe1 Bc4 24. b3 Bd3 25. Rd1 Ng3+ 26. fxg3 Bxf1 27. Rxf1 Qxa2 28. Rc1 b4 29. e5 Re8 30. Rc7 Qa1+ 31. Kh2 Kg8 32. Qf4 Rf8 33. Rb7 g5 34. Qe4 Qa5 35. Qxb4 Qd5 36. Qe7 Ra8 37. b4 Ra2 38. Qe8+ Kh7 39. Qxf7 Qxf7 40. Rxf7 Kg8 41. Rc7 Re2 42. Rc5 Bf8 43. Rb5 Re4 44. Kg1 Bxb4 45. Rb6 Bc5+ 0-1

[Event "AUT-ch U14"]
[Site "Fuerstenfeld"]
[Date "2024.06.02"]
[Round "7"]
[White "Unger, Alexander"]
[Black "Haselsberger, Roman"]
[Result "1/2-1/2"]
[WhiteElo "1895"]
[BlackElo "1593"]
[PlyCount "63"]
[EventDate "2024.05.30"]
[EventType "swiss"]
[EventRounds "7"]
[EventCountry "AUT"]
[SourceTitle "CBM 220 Extra"]
[Source "ChessBase"]
[SourceDate "2024.07.31"]
[SourceVersion "1"]
[SourceVersionDate "2024.07.31"]
[SourceQuality "1"]

1. e4 b6 2. d4 Bb7 3. Bd3 e6 4. Nf3 c5 5. c3 d5 6. e5 Nd7 7. Qe2 Ne7 8. Ng5 h6 9. Nh3 Nc6 10. Be3 cxd4 11. Bxd4 Qc7 12. Nd2 Ndxe5 13. Bc2 Nxd4 14. cxd4 Qxc2 15. dxe5 a5 16. Qb5+ Qc6 17. Qxc6+ Bxc6 18. 0-0 Bb4 19. Nf3 0-0 20. Rfc1 Rac8 21. Nd4 Bd7 22. a3 Bc5 23. Nb3 Ba4 24. Nxc5 Rxc5 25. Nf4 Rfc8 26. Nd3 Rxc1+ 27. Rxc1 Rxc1+ 28. Nxc1 Kf8 29. Kf1 Ke7 30. Ke2 Kd7 31. Ke3 Bc2 32. Ne2 1/2-1/2

[Event "AUT-ch U14"]
[Site "Fuerstenfeld"]
[Date "2024.05.31"]
[Round "4"]
[White "Stoegerer, Konstantin"]
[Black "Unger, Alexander"]
[Result "1/2-1/2"]
[WhiteElo "1789"]
[BlackElo "1895"]
[PlyCount "98"]
[EventDate "2024.05.30"]
[EventType "swiss"]
[EventRounds "7"]
[EventCountry "AUT"]
[SourceTitle "CBM 220 Extra"]
[Source "ChessBase"]
[SourceDate "2024.07.31"]
[SourceVersion "1"]
[SourceVersionDate "2024.07.31"]
[SourceQuality "1"]

1. d4 d5 2. Bf4 Nf6 3. e3 c5 4. c3 Nc6 5. Nd2 Bf5 6. Ngf3 e6 7. h3 h6 8. Be2 Be7 9. Ne5 Rc8 10. Ndf3 Nxe5 11. Nxe5 0-0 12. g4 Bh7 13. Bd3 Ne4 14. Nf3 c4 15. Bc2 b5 16. a3 a5 17. h4 b4 18. g5 Bf5 19. gxh6 g6 20. Bxe4 Bxe4 21. Rg1 Kh7 22. Ng5+ Bxg5 23. hxg5 bxc3 24. bxc3 Qd7 25. Be5 Ra8 26. Ra2 Ra7 27. Rb2 Rb7 28. Qc1 Rd8 29. Rg3 a4 30. f3 Bf5 31. Rgg2 Rb3 32. Rxb3 cxb3 33. Qb2 Qc6 34. Re2 Rc8 35. Kd2 Bc2 36. e4 dxe4 37. fxe4 Bxe4 38. Qc1 Bf5 39. Bf6 Qc4 40. Re3 Rb8 41. Qb2 Qd5 42. Re2 Qf3 43. Re3 Qf2+ 44. Re2 Qf3 45. Re3 Qf1 46. Re1 Qd3+ 47. Kc1 Rc8 48. d5 Rc7 49. d6 Rd7 1/2-1/2

[Event "AUT-ch U14"]
[Site "Fuerstenfeld"]
[Date "2024.05.31"]
[Round "3"]
[White "Unger, Alexander"]
[Black "Stickler, Florentin"]
[Result "0-1"]
[WhiteElo "1895"]
[BlackElo "2011"]
[PlyCount "80"]
[EventDate "2024.05.30"]
[EventType "swiss"]
[EventRounds "7"]
[EventCountry "AUT"]
[SourceTitle "CBM 220 Extra"]
[Source "ChessBase"]
[SourceDate "2024.07.31"]
[SourceVersion "1"]
[SourceVersionDate "2024.07.31"]
[SourceQuality "1"]

1. e4 e5 2. Nf3 Nc6 3. d4 exd4 4. Nxd4 Bc5 5. Nf5 Qf6 6. Nc3 Nge7 7. Ne3 d6 8. Be2 Be6 9. 0-0 0-0-0 10. Ned5 Bxd5 11. Nxd5 Nxd5 12. Qxd5 Rde8 13. Bd2 h5 14. Rab1 Ne5 15. b4 Bb6 16. Bc3 Qf4 17. a4 c6 18. Bxe5 Rxe5 19. Qd3 Qxe4 20. Rfe1 Rhe8 21. Qxe4 Rxe4 22. Kf1 Rf4 23. Bg4+ Kd8 24. Rxe8+ Kxe8 25. Bf3 g5 26. Re1+ Kd7 27. Re4 Rf6 28. h3 d5 29. Re5 Rf4 30. Rxg5 Rxb4 31. Rxh5 Rxa4 32. Rg5 Rc4 33. Bg4+ Ke7 34. h4 Rxc2 35. Rf5 d4 36. h5 d3 37. Bd1 Rc1 38. Ke1 Ke6 39. Rg5 f6 40. Rg3 Ba5+ 0-1

[Event "AUT-ch U14"]
[Site "St Veit"]
[Date "2023.06.08"]
[Round "2"]
[White "Unger, Alexander"]
[Black "Pavlov, Julian"]
[Result "1/2-1/2"]
[WhiteElo "1585"]
[BlackElo "1353"]
[PlyCount "71"]
[EventDate "2023.06.08"]
[EventType "swiss"]
[EventRounds "7"]
[EventCountry "AUT"]
[SourceTitle "EXT 2024"]
[Source "ChessBase"]
[SourceDate "2023.10.10"]
[SourceVersion "1"]
[SourceVersionDate "2023.10.10"]
[SourceQuality "1"]

1. e4 e5 2. Nf3 Nc6 3. Nc3 Nf6 4. d4 exd4 5. Nxd4 Bb4 6. Nxc6 bxc6 7. Bd3 d5 8. exd5 cxd5 9. 0-0 0-0 10. Bg5 c6 11. Qf3 Be7 12. Rae1 Be6 13. Ne2 Re8 14. Nd4 Bd7 15. Nf5 Bxf5 16. Qxf5 g6 17. Qf3 Nh5 18. Bxe7 Rxe7 19. c4 Rxe1 20. Rxe1 Qd7 21. cxd5 cxd5 22. Bc4 Rd8 23. Rd1 d4 24. Kf1 Qc7 25. b3 Qe7 26. Re1 Qd7 27. g4 Ng7 28. Qf6 Re8 29. Rxe8+ Nxe8 30. Qf3 Kg7 31. h3 h6 32. Qd5 Qxd5 33. Bxd5 Nc7 34. Bc4 Kf6 35. Ke2 Ne6 36. Kd3 1/2-1/2

[Event "Vienna State-chC"]
[Site "Vienna"]
[Date "2022.09.25"]
[Round "9"]
[White "Unger, Alexander"]
[Black "Sassmann, Roland"]
[Result "1/2-1/2"]
[WhiteElo "1456"]
[BlackElo "1280"]
[PlyCount "90"]
[EventDate "2022.09.17"]
[EventType "swiss"]
[EventRounds "9"]
[EventCountry "AUT"]
[SourceTitle "CBM 210 Extra"]
[Source "ChessBase"]
[SourceDate "2022.11.30"]
[SourceVersion "1"]
[SourceVersionDate "2022.11.30"]
[SourceQuality "1"]

1. e4 e5 2. Nf3 Nf6 3. Nc3 Nc6 4. d4 exd4 5. Nxd4 Bb4 6. Nxc6 dxc6 7. Qxd8+ Kxd8 8. Bd3 Re8 9. f3 Nd5 10. Bd2 Nxc3 11. Bxc3 Bxc3+ 12. bxc3 f5 13. 0-0-0 f4 14. Rhe1 Ke7 15. g3 fxg3 16. hxg3 Be6 17. Kb2 Rf8 18. f4 Rf6 19. e5 Rh6 20. Rh1 Rxh1 21. Rxh1 h6 22. f5 Bd5 23. f6+ Kf8 24. Rf1 Re8 25. fxg7+ Kxg7 26. Rf6 Rxe5 27. Rg6+ Kf7 28. Rxh6 Rg5 29. c4 Be6 30. Rh7+ Rg7 31. Rxg7+ Kxg7 32. Kc3 Kf6 33. Kd4 Kg5 34. Ke3 Kg4 35. Kf2 b5 36. cxb5 cxb5 37. Bxb5 Bxa2 38. Ba6 Bb1 39. c4 Kf5 40. Ke3 Kg4 41. Kd4 Kxg3 42. Kc5 Kf4 43. Kc6 Ke5 44. c5 Kd4 45. Kxc7 Kxc5 1/2-1/2

[Event "Vienna State-chC"]
[Site "Vienna"]
[Date "2022.09.24"]
[Round "8"]
[White "Kolm, Nino"]
[Black "Unger, Alexander"]
[Result "1-0"]
[WhiteElo "1276"]
[BlackElo "1456"]
[PlyCount "53"]
[EventDate "2022.09.17"]
[EventType "swiss"]
[EventRounds "9"]
[EventCountry "AUT"]
[SourceTitle "CBM 210 Extra"]
[Source "ChessBase"]
[SourceDate "2022.11.30"]
[SourceVersion "1"]
[SourceVersionDate "2022.11.30"]
[SourceQuality "1"]

1. e4 c5 2. Be2 d6 3. d3 Nf6 4. f4 e6 5. Nf3 Be7 6. 0-0 d5 7. e5 Nfd7 8. c3 Nc6 9. d4 cxd4 10. cxd4 0-0 11. Nc3 Bb4 12. Bd3 h6 13. Qe1 Qb6 14. Be3 Rd8 15. Qg3 Bf8 16. Na4 Qa5 17. b3 Nb4 18. Bb1 Nb6 19. f5 exf5 20. Bxh6 Nxa4 21. bxa4 Qxa4 22. Ng5 Qe8 23. Bxf5 Be6 24. Nxe6 fxe6 25. Bg6 Qc6 26. Bg5 Rd7 27. Qh4 1-0

[Event "Vienna State-chC"]
[Site "Vienna"]
[Date "2022.09.23"]
[Round "7"]
[White "Unger, Alexander"]
[Black "Schrimpf, Michael"]
[Result "1-0"]
[WhiteElo "1456"]
[BlackElo "1132"]
[PlyCount "37"]
[EventDate "2022.09.17"]
[EventType "swiss"]
[EventRounds "9"]
[EventCountry "AUT"]
[SourceTitle "CBM 210 Extra"]
[Source "ChessBase"]
[SourceDate "2022.11.30"]
[SourceVersion "1"]
[SourceVersionDate "2022.11.30"]
[SourceQuality "1"]

1. e4 d5 2. exd5 Nf6 3. Nc3 Nxd5 4. Bc4 Nb6 5. Bb3 Nc6 6. Qf3 e6 7. Nge2 Be7 8. 0-0 0-0 9. d3 a5 10. a4 e5 11. Ne4 Nb4 12. N2g3 c5 13. Nf5 Qc7 14. Nxe7+ Qxe7 15. Bg5 Qc7 16. Qh5 Nd7 17. Be7 g6 18. Qh6 Qc6 19. Ng5 1-0

[Event "Vienna State-chC"]
[Site "Vienna"]
[Date "2022.09.22"]
[Round "6"]
[White "Gerhold, Paul"]
[Black "Unger, Alexander"]
[Result "1-0"]
[WhiteElo "1223"]
[BlackElo "1456"]
[PlyCount "55"]
[EventDate "2022.09.17"]
[EventType "swiss"]
[EventRounds "9"]
[EventCountry "AUT"]
[SourceTitle "CBM 210 Extra"]
[Source "ChessBase"]
[SourceDate "2022.11.30"]
[SourceVersion "1"]
[SourceVersionDate "2022.11.30"]
[SourceQuality "1"]

1. e4 c5 2. Nf3 d6 3. d4 cxd4 4. Nxd4 Nf6 5. Nc3 a6 6. Be3 e6 7. f3 Be7 8. Qd2 Qc7 9. 0-0-0 0-0 10. g4 b5 11. h4 b4 12. Nb1 Bb7 13. h5 h6 14. g5 hxg5 15. Bxg5 Rc8 16. h6 Bxe4 17. hxg7 Bg6 18. Rh8+ Kxg7 19. Bxf6+ Kxf6 20. Qf4+ Kg7 21. Qh6+ Kf6 22. Bd3 Nd7 23. Rh7 d5 24. Qg7+ Kg5 25. Rg1+ Kf4 26. Rg4+ Ke3 27. Qh6+ Kf2 28. Qd2# 1-0

[Event "Vienna State-chC"]
[Site "Vienna"]
[Date "2022.09.17"]
[Round "1"]
[White "Unger, Alexander"]
[Black "Giefing, Josef"]
[Result "0-1"]
[WhiteElo "1456"]
[BlackElo "1771"]
[PlyCount "120"]
[EventDate "2022.09.17"]
[EventType "swiss"]
[EventRounds "9"]
[EventCountry "AUT"]
[SourceTitle "CBM 210 Extra"]
[Source "ChessBase"]
[SourceDate "2022.11.30"]
[SourceVersion "1"]
[SourceVersionDate "2022.11.30"]
[SourceQuality "1"]

1. e4 g6 2. d4 Bg7 3. Nf3 d6 4. Nc3 Nc6 5. Bf4 Bg4 6. Bb5 Bd7 7. Qd2 a6 8. Ba4 Nf6 9. h3 0-0 10. 0-0 b5 11. Bb3 b4 12. Nd5 Nxe4 13. Qe1 Nf6 14. Nxf6+ exf6 15. d5 Ne5 16. Bxe5 fxe5 17. Qxb4 a5 18. Qd2 Bb5 19. c4 Bd7 20. Rfc1 f5 21. c5 Qf6 22. Rab1 a4 23. Bd1 e4 24. Nh2 h5 25. cxd6 cxd6 26. Rc7 Rf7 27. b4 Bb5 28. Rxf7 Qxf7 29. Rc1 Bd3 30. Nf1 Qxd5 31. Ne3 Qb5 32. Bc2 Rc8 33. Bb3+ axb3 34. Rxc8+ Kh7 35. axb3 Qa6 36. Qc1 Qb5 37. Qd2 f4 38. Nc2 Qd7 39. Ra8 f3 40. Ne1 fxg2 41. Kxg2 Qb7 42. Kg1 Qxa8 43. Nxd3 exd3 44. Qxd3 Qa1+ 45. Kg2 Qd4 46. Qxd4 Bxd4 47. Kf3 Kg7 48. Ke4 Bxf2 49. Kd5 Kf6 50. b5 g5 51. b4 Kf5 52. Kc6 g4 53. hxg4+ hxg4 54. b6 Bxb6 55. Kxb6 g3 56. Kc6 g2 57. Kxd6 g1Q 58. Kc6 Qa7 59. b5 Ke6 60. b6 Qb8 0-1

[Event "Vienna Silvester op-B"]
[Site "Vienna"]
[Date "2021.12.29"]
[Round "3"]
[White "Niesswohl, Werner"]
[Black "Unger, Alexander"]
[Result "1-0"]
[WhiteElo "1478"]
[BlackElo "1043"]
[PlyCount "59"]
[EventDate "2021.12.27"]
[EventType "swiss"]
[EventRounds "7"]
[EventCountry "AUT"]
[SourceTitle "EXT 2023"]
[Source "ChessBase"]
[SourceDate "2022.10.05"]
[SourceVersion "1"]
[SourceVersionDate "2022.10.05"]
[SourceQuality "1"]

1. e4 c5 2. Nf3 d6 3. d4 cxd4 4. Nxd4 Nf6 5. Nc3 a6 6. Be3 e6 7. Be2 Be7 8. 0-0 0-0 9. Nf3 Nbd7 10. Qd3 b5 11. Bd4 Bb7 12. e5 Bxf3 13. Bxf3 dxe5 14. Bxa8 exd4 15. Qxd4 Qxa8 16. Rad1 Rc8 17. a3 Rc4 18. Qd3 Rg4 19. f3 Rg6 20. Ne4 h6 21. b4 Nd5 22. Rde1 Qb8 23. g3 f5 24. Nf2 Rxg3+ 25. Kh1 Nf4 26. Qxd7 Rg2 27. Nd3 Rxh2+ 28. Kxh2 Nh5+ 29. f4 Bg5 30. Qxe6+ 1-0